|
|
|
|
| LEADER |
00000naa2a2200000 4500 |
| 001 |
91737 |
| 005 |
20231031104235.0 |
| 035 |
|
|
|a (RuTPU)RU\TPU\book\98327
|
| 090 |
|
|
|a 91737
|
| 100 |
|
|
|a 20060301d2005 k y0rusy50 ca
|
| 101 |
0 |
|
|a rus
|
| 102 |
|
|
|a RU
|
| 200 |
1 |
|
|a Изменения состава и свойств грунтов в процессе их загрязнения нефтепродуктами
|f Т. Я. Емельянова, Н. Н. Краснощёкова
|
| 320 |
|
|
|a Библиогр.: 3 назв.
|
| 463 |
|
0 |
|0 (RuTPU)RU\TPU\book\95217
|y 5-89503-261-3
|t Гидрогеология, инженерная геология и гидрогеоэкология
|o материалы конференции, посвященной 75-летию кафедры ГИГЭ ТПУ, Томск, декабрь 2005 г.
|f Томский политехнический университет; под ред. С. Л. Шварцева
|v С. 146-150
|d 2005
|p 400 с.
|
| 610 |
1 |
|
|a нефтепродукты
|
| 610 |
1 |
|
|a грунты
|
| 610 |
1 |
|
|a загрязнения
|
| 610 |
1 |
|
|a нефтеперерабатывающие предприятия
|
| 610 |
1 |
|
|a бензины
|
| 610 |
1 |
|
|a очистка
|
| 610 |
1 |
|
|a методы очистки
|
| 610 |
1 |
|
|a автозаправочные станции
|
| 610 |
1 |
|
|a моделирование
|
| 610 |
1 |
|
|a труды учёных ТПУ
|
| 700 |
|
1 |
|a Емельянова
|b Т. Я.
|c российский гидрогеолог
|c доцент Томского политехнического университета
|g Тамара Яковлевна
|2 stltpush
|3 (RuTPU)RU\TPU\pers\26076
|
| 701 |
|
1 |
|a Краснощёкова
|b Н. Н.
|
| 801 |
|
1 |
|a RU
|b 63413507
|c 20060301
|g PSBO
|
| 801 |
|
2 |
|a RU
|b 63413507
|c 20111106
|g PSBO
|
| 942 |
|
|
|c BK
|